00902nam 22002293 4500001000700000090001100007100004100018200014900059210005600208215003700264225002300301300002400324606005300348675001900401700003800420701004600458702005400504801001800558830001000576990001100586995007500597202802 a202802 a20260630d u||y0pory50 ba aConsolação às tribulações de Israel fSamuel Usquegcom estudos introdutórios por Yosef Hayim Yerushalmi e José V. de Pina Martins aLisboacFundação Calouste Gulbenkiandimp. 1989 a409. [2] p.cencadernadod23 cm  aCultura portuguesa atextos em inglês  93661aCrítica Literária.Estudos Literários a82.09vPTzpor 917663aUsque bSamuel f1495?-15? 917664aYerushalmibYosef Hayimf1932-2009 94338aMartinsbJosé Vitorino da Pinaf1920-2010 aPTbBMMNgRPC cVanda cLIVROS 002052026-06-30932611bBMMNf32322k82.09 USQ|DEPo0rLIVROSsOferta